Suy ngẫm về con người cuộc đời hành động

Sparad:
Bibliografiska uppgifter
Huvudupphovsman: Phan Bình
Materialtyp: Bok
Språk:Undetermined
Publicerad: Hà Nội Thanh Niên 2000
Ämnen:
Taggar: Lägg till en tagg
Inga taggar, Lägg till första taggen!
Thư viện lưu trữ: Trung tâm Học liệu Trường Đại học Cần Thơ
LEADER 00491nam a2200169Ia 4500
001 CTU_36303
008 210402s9999 xx 000 0 und d
082 |a 170 
082 |b B312 
100 |a Phan Bình 
245 0 |a Suy ngẫm về con người cuộc đời hành động 
245 0 |c Phan Bình 
260 |a Hà Nội 
260 |b Thanh Niên 
260 |c 2000 
650 |a ethics,philosophy, oriental 
980 |a Trung tâm Học liệu Trường Đại học Cần Thơ